000 00770nam a2200217Ia 4500
003 OSt
005 20250901102420.0
008 210210b1996 xxu||||| |||| 00| 0 eng d
040 _cAL
041 _aKannada
082 _aK894.9 KARS
100 _aKARNATAKA SAHITYA AKADEMI.
_9235624
_dಕರ್ನಾಟಕ ಸಾಹಿತ್ಯ ಅಕಾದೆಮಿ
245 _aShatakagalu. muttina hara malike
_bಶತಕಗಳು ಮುತ್ತಿನ ಹಾರ ಮಾಲಿಕೆ
260 _aBengaluru.
_bKarnataka Sahitya Akademi.,
_c1996
300 _axvii,65
650 _aMuttina Hara Ti Ar Mahadevayya
_9235625
690 _aKannada Criticism
_9235626
700 _aR Mahadevayya
_dಆರ್ ಮಹದೇವಯ್ಯ
_9235627
906 _a057827
942 _2ddc
_cBK
999 _c105327
_d105327